Music Quiz

Random Music Quiz

Super Junior Members Quiz Stats

 Plays Quiz not verified by Sporcle

Score 0/15 Timer 01:00
0 Plays Today
Nationality (Nick) Name % Correct
KoreanHeechul
86.9%
KoreanLeeteuk
85.7%
ChineseHangeng
80.8%
KoreanShindong
62.2%
KoreanKangin
56.3%
KoreanYesung
54.2%
KoreanSiwon
53.5%
KoreanSungmin
52.8%
Nationality (Nick) Name % Correct
KoreanDonghae
48.8%
KoreanEunhyuk
46.4%
KoreanRyeowook
35.1%
KoreanKyuhyun
34.9%
ChineseHenry
34.8%
ChineseZhou Mi
31.5%
KoreanKibum
29.8%

You're not logged in!

Compare scores with friends on all Sporcle quizzes.
OR
Log In

Show Comments

Extras

Top Quizzes Today


Score Distribution

Your Account Isn't Verified!

In order to create a playlist on Sporcle, you need to verify the email address you used during registration. Go to your Sporcle Settings to finish the process.

Report this User

Report this user for behavior that violates our Community Guidelines.

Details: